000 00615nam a2200217Ia 4500
005 20241129105800.0
008 241129s9999||||xx |||||||||||||| ||und||
020 _a978-93-89381-25-2
037 _aTB
040 _aARTS
_beng
_cARTS
041 _aeng
_2eng
084 _aND44,9(Q) R1
_qARTS
100 _aDas Sharmila Au.
_9724716
245 0 _aIndian art and iconography
_cDas Sharmila Au.
260 _aNew Delhi, India
_bNew Aayu Publications
_c2020
300 _ax,124p.
365 _aINR
_b1200
650 _aArtsIconography
_9726379
942 _cTB
_hND44,9(Q) R1
999 _c1225912
_d1225912